| 000 | 00540nam a22001937a 4500 | ||
|---|---|---|---|
| 005 | 20251108173106.0 | ||
| 008 | 250721s2005 xx 000 0 ara d | ||
| 082 | 1 | 4 | _a612.4/ محم |
| 100 | 1 | _aمحمد، مدحت حسين | |
| 245 | 1 | 0 | _aعلم الغدد الصماء / |
| 246 | 1 | 1 | _aENDOCRINOLOGY |
| 250 | _aط.3. | ||
| 264 | 1 |
_aالعين : _bدار الكتاب الجامعي، _c2005. |
|
| 300 | _a683ص. | ||
| 650 | 1 | 7 | _aعلم الغدد الصماء |
| 650 | 1 | 7 | _aالهرمونات |
| 942 |
_2ddc _cBK |
||
| 999 |
_c95874 _d95874 |
||